000 00879nam a22003137a 4500
001 BR8700207
003 BR-BrBNA
005 20230928092327.0
007 ta
008 230509b bl.||||| |||| 00| 0 por d
040 _aBR-BrBNA
_bpor
_cBiblioteca Nacional de Agricultura
041 _a(Por)
072 _aP01; F70
_b/G514
090 _ P01 BR8700207
100 1 _aTenorio, E.C.
100 1 _aBadini, J.
100 1 _aFerrari, J.
100 1 _aFerreira, M.B.
245 1 _aA flora de Minas Gerais: manual
260 3 _aBelo Horizonte, MG (Brasil):
_c1977.
300 _a23 p.
500 _a(*) Documento disponível no(a) Fundacao Centro Tecnologico de Minas Gerais, Belo Horizonte (Brazil)
650 _aVEGETACAO
650 _aFLORA
650 _aMINAS GERAIS
650 _aPRESERVACAO DA NATUREZA
909 _a202309
_bLucia
_c55
_dLucia Elande
942 _cBK
999 _c38368
_d38368